000 00374nam a2200145Ia 4500
008 240624s9999 xx 000 0 und d
041 _aeng
082 _a658.4034 RAV
100 _aRAVINDRAN A
245 _aOPERATIONS RESEARCH PRINCIPLES AND PRACT
250 _a(2nd ed.)
260 _c2004
_aSingapore
_bJohn Wiley
300 _axviii, : 637 : p. : cm. ; 24
365 _cRS
999 _c1375
_d1375